|
|
|
|
| LEADER |
02786nam a22003973i 4500 |
| 001 |
EBC6695167 |
| 003 |
MiAaPQ |
| 005 |
20231204023217.0 |
| 006 |
m o d | |
| 007 |
cr cnu|||||||| |
| 008 |
231204s2015 xx o ||||0 ger d |
| 020 |
|
|
|a 9783839406809
|q (electronic bk.)
|
| 020 |
|
|
|z 9783899426809
|
| 035 |
|
|
|a (MiAaPQ)EBC6695167
|
| 035 |
|
|
|a (Au-PeEL)EBL6695167
|
| 035 |
|
|
|a (OCoLC)1110449187
|
| 040 |
|
|
|a MiAaPQ
|b eng
|e rda
|e pn
|c MiAaPQ
|d MiAaPQ
|
| 100 |
1 |
|
|a Krasmann, Susanne.
|
| 245 |
1 |
0 |
|a Rationalitäten der Gewalt :
|b Staatliche Neuordnungen vom 19. bis zum 21. Jahrhundert.
|
| 250 |
|
|
|a 1st ed.
|
| 264 |
|
1 |
|a Bielefeld :
|b transcript,
|c 2015.
|
| 264 |
|
4 |
|c {copy}2007.
|
| 300 |
|
|
|a 1 online resource (293 pages)
|
| 336 |
|
|
|a text
|b txt
|2 rdacontent
|
| 337 |
|
|
|a computer
|b c
|2 rdamedia
|
| 338 |
|
|
|a online resource
|b cr
|2 rdacarrier
|
| 490 |
1 |
|
|a Sozialtheorie
|
| 505 |
0 |
|
|a Cover -- Inhalt -- Rationalitäten der Gewalt. Staatliche Neuordnungen vom 19. bis zum 21. Jahrhundert - eine Einführung -- Kritik, Zwang und das heilige Leben in Walter Benjamins »Zur Kritik der Gewalt« -- Foucault in Guantánamo. Eine Archäologie des Ausnahmezustands -- Susanne Krasmann mFolter im Ausnahmezustand? -- »Nobody Was Seriously Damaged«. Die US-Armee und der Einsatz von Folter im philippinisch-amerikanischen Krieg, 1899-1902 -- Gouverneure, Gouvernementalität und Globalisierung. Zur Geschichte und Aktualität imperialer Gewalt -- Die Repräsentation von sexualisierter und Gender-Gewalt im Krieg. Geschlechterordnung und Militärgewalt -- Filmende Bomben. Luftkrieg und neue Bildproduktion in Harun Farockis »Erkennen und Verfolgen« -- Homeland Security. Zu David Cronenbergs A History of Violence -- Gewalt des Staates - Liebe zum Staat. Annäherungen an ein politisches Gefühl der Neuzeit -- Staatsmacht ohne Grenzen? Innere Sicherheit, »Terrorismus«-Bekämpfung und die bundesdeutsche Gesellschaft der 1970er Jahre -- Strafgewalten und Zivilisationsentwürfe in den USA um 1900 -- Death, Denial, Discourse. Zu den Formen und Funktionen der US-amerikanischen Todesstrafe -- Autoren und Autorinnen.
|
| 588 |
|
|
|a Description based on publisher supplied metadata and other sources.
|
| 590 |
|
|
|a Electronic reproduction. Ann Arbor, Michigan : ProQuest Ebook Central, 2023. Available via World Wide Web. Access may be limited to ProQuest Ebook Central affiliated libraries.
|
| 655 |
|
4 |
|a Electronic books.
|
| 700 |
1 |
|
|a Martschukat, Jürgen.
|
| 776 |
0 |
8 |
|i Print version:
|a Krasmann, Susanne
|t Rationalitäten der Gewalt
|d Bielefeld : transcript,c2015
|z 9783899426809
|
| 797 |
2 |
|
|a ProQuest (Firm)
|
| 830 |
|
0 |
|a Sozialtheorie
|
| 856 |
4 |
0 |
|u https://ebookcentral.proquest.com/lib/matrademy/detail.action?docID=6695167
|z Click to View
|